000 00475cam a2200181ua 4500
020 _c12.60
041 _aeng
_h
082 _a330.1
_bBAU/EC
100 _aBaumol, William J .
245 _aEconomic theory and operations analysis /
_cWillaim J Baumol.
_hTextual Documents
250 _a2 /
_b.
260 _aNew Delhi :
_bPrentice Hall of India Pvt Ltd. ,
_c1966.
300 _a606 ; .
365 _a12.60
504 _a
942 _cBK
999 _c12106
_d12106